1641 1988 1485 1254 1875 1073 1411 1479 1082 1496 1287 1124 1054 1535 1578 1954 1870 1499 1010 1425 1815 1087 1655 1849 1935 1541 1091 1244 1853 1759 1712 1649 1654 1937 1901 1549 1861 1941 1202 1252 1133 1358 1460 1369 1383 1743 1841 1677 1540 1158 1975 1154 1343 1351 1885 1682 1397 1241 1643 1169 1739 1121 1305 1073 1410 1284 1939 1221 1534 1826 1175 1436 1548 1430 1287 1217 1512 1605 1135 1662 1910 1932 1385 1128 1724 1338 1462 1473 1450 1201 1503 1764 1756 1833 1047 1437 1440 1804 1520 BCNSPRNW ULIB Ver.6.0+V

เปลี่ยนเป็นภาษาไทย

Change to English
 แสดงรายละเอียดบรรณานุกรม
  กลับหน้าหลัก

Brief Record : Get Marc (ISO 2709) : E-mail record : QR code < ปิดหน้าต่าง
LEADER : 00000nam 2200000uu 4500
001    13399115208
003     ULIB
008    120730s2553||||th 000 0 tha d
020    ^a9741335407
020    ^a 9789741335404
060 04 ^aWY85^bส687จ
100 0  ^aสิวลี ศิริไล
245 10 ^aจริยศาสตร์สำหรับพยาบาล /^cสิวลี ศิริไล
250    ^aพิมพ์ครั้งที่ 11
260    ^aกรุงเทพฯ :^bโรงพิมพ์แห่งจุฬาลงกรณ์มหาวิทยาลัย,^c2553
300    ^a279 หน้า ;^c21 ซม.
650  7 ^aจรรยาบรรณพยาบาล
650  7 ^aจริยศาสตร์
945    ^p150^l0^i032158
945    ^p150^l0^i032159
945    ^p150^l0^i032160
945    ^p150^l0^i032161
995    ^a เกษร
999    ^aใช้งานได้ทุกระบบ
รายการนี้ยังไม่มีแท็ก
คุณยังไม่ได้ล็อกอิน คุณสามารถมีกิจกรรมร่วมกับเว็บไซต์ได้ แต่ต้องล็อกอินก่อน ::
  ล็อกอิน

รายการสื่อสารสนเทศ

ลำดับที่ ประเภท เลขเรียก/บาร์โค้ด สถานที่ สถานะ
1. วิทยาศาสตร์การแพทย์ และสุขภาพ
หนังสือสำรอง
สถานะ=หนังสือสำรอง
WY85 ส687จ ฉ.1 
  Barcode: 032158
ห้องสมุดวิทยาเขตสวรรค์ประชารักษ์
►ส่วนจัดเก็บหนังสือเก่า สปร
บนชั้น
  ขอยืม
2. วิทยาศาสตร์การแพทย์ และสุขภาพ
วิทยาศาสตร์การแพทย์ และสุขภาพ
WY85 ส687จ ฉ.2 
  Barcode: 032159
ห้องสมุดวิทยาเขตสวรรค์ประชารักษ์
►ส่วนจัดเก็บหนังสือเก่า สปร
บนชั้น
  ขอยืม
3. วิทยาศาสตร์การแพทย์ และสุขภาพ
วิทยาศาสตร์การแพทย์ และสุขภาพ
WY85 ส687จ ฉ.3 
  Barcode: 032160
ห้องสมุดวิทยาเขตสวรรค์ประชารักษ์
►ส่วนจัดเก็บหนังสือเก่า สปร
บนชั้น
  ขอยืม
4. วิทยาศาสตร์การแพทย์ และสุขภาพ
วิทยาศาสตร์การแพทย์ และสุขภาพ
WY85 ส687จ ฉ.4 
  Barcode: 032161
ห้องสมุดวิทยาเขตสวรรค์ประชารักษ์
►ส่วนจัดเก็บหนังสือเก่า สปร
บนชั้น
  ขอยืม

รายการใกล้เคียง
    ผู้แต่ง [สิวลี ศิริไล]

    หัวเรื่อง [จรรยาบรรณพยาบาล]
    หัวเรื่อง [จริยศาสตร์]

BibComment


ยังไม่เคยถูกคอมเมนท์

คอมเมนท์ทรัพยากรรายการนี้
  คอมเมนท์: จริยศาสตร์สำหรับ..


 Copyright 2026. Bcnsprnw @Library